Lyrics from The Little Mermaid song Poor Unfortunate Souls - Statistics

General Stats
  • This quiz has been taken 168 times
  • The average score is 241 of 330
Answer Stats
Answer % Correct
I
98%
Poor
97%
poor
97%
so
97%
soul.
97%
the
97%
The
97%
unfortunate
97%
a
95%
when
95%
souls.
94%
souls,
94%
And
92%
and
92%
be
92%
But
92%
but
92%
in
92%
In
92%
on
92%
on.
92%
do
89%
do.
89%
that
89%
They
89%
they
89%
To
89%
to
89%
Yes.
89%
Yes
89%
I've
88%
me,
88%
sad,
88%
sad
88%
been
86%
it
86%
It
86%
them?
86%
them.
86%
Those
86%
those
86%
you
86%
You
86%
want
85%
who
85%
witch.
85%
get
83%
girl
83%
help
83%
one
83%
true?
83%
true.
83%
True
83%
called
82%
It's
82%
it's
82%
need.
82%
this,
82%
This
82%
well,
82%
have
80%
saint.
80%
indeed.
78%
my
78%
pain,
78%
past
78%
all
77%
don't
77%
weren't
77%
men
75%
Now
75%
now
75%
pay
75%
price
75%
Go
74%
go
74%
I'm
74%
is
74%
nasty.
74%
wants
74%
whole
74%
your
74%
admit
72%
know
72%
of
72%
come
71%
Come
71%
happened
71%
thinner
71%
had
69%
kidding
69%
once
69%
or
69%
couldn't
68%
twice
68%
for
66%
for?
66%
magic.
66%
someone
66%
ways.
66%
little
65%
please
65%
please!"
65%
afraid
63%
mended
63%
there
63%
much
62%
much.
62%
voice!
62%
always
60%
her
60%
like
60%
possessed.
60%
use
60%
Just
58%
longing
58%
talent
58%
up
58%
behalf
57%
(pathetic).
57%
bore.
55%
complaint
55%
cross
55%
got
55%
woman
55%
ahead!
54%
ahead
54%
If
54%
laugh,
54%
odd
54%
busy
52%
cost
52%
fortunately
52%
lady,
52%
lady
52%
light,
52%
lot
52%
not
52%
say
52%
think
52%
blabber,
51%
choice!
51%
dear
51%
dear,
51%
depressed
51%
gossips
51%
nowadays.
51%
"spells
51%
Ursula
51%
won't
51%
crying
49%
day.
49%
haven't
49%
seen
49%
what
49%
you'll
49%
boss
48%
flocking
48%
made
48%
Make
48%
Repented,
48%
very
48%
word.
48%
boys.
46%
cauldron
46%
miserable,
46%
roll!
46%
switch.
46%
find
45%
land
45%
rake
45%
sign
45%
you've
45%
toll.
43%
with
43%
coals.
42%
em
42%
lonely
42%
man.
42%
preferred
42%
conversation.
40%
ladies
40%
can.
38%
get's
38%
scroll.
37%
they're
35%
bridge,
34%
sweet,
34%
after
32%
holds
32%
idle
32%
she
32%
tongue
32%
who's
32%
Jetsam,
31%
avoid
29%
gentlemen
29%
Take
29%
take
29%
withdrawn.
29%
Flotsam,
28%
impressed
26%
swoon
25%
breath
23%
fawn
23%
dote,
18%
gulp
18%
babble
6%
No matching quizzes found
Score Distribution
Percent of People with Each Score
Percentile by Number Answered
Your Score History
You have not taken this quiz